[Event "Muensterland Verbandsliga 1516"]
[Site "Germany"]
[Date "2015.10.24"]
[Round "2.5"]
[White "Ruhe, Johannes"]
[Black "Fehlings, Gerd"]
[Result "1/2-1/2"]
[WhiteElo "1922"]
[BlackElo "1735"]
[PlyCount "44"]
[EventDate "2015.09.12"]
[EventType "team"]
[EventRounds "9"]
[EventCountry "GER"]
[SourceTitle "EXT 2017"]
[Source "ChessBase"]
[SourceDate "2016.10.25"]
[SourceVersion "1"]
[SourceVersionDate "2016.10.25"]
[SourceQuality "1"]
[WhiteTeam "Beelen"]
[BlackTeam "Emsdetten Rochade II"]
[WhiteTeamCountry "GER"]
[BlackTeamCountry "GER"]

1. e4 e5 2. Nf3 Nc6 3. Bc4 d6 4. Nc3 Nf6 5. Ng5 d5 6. exd5 Na5 7. Bb5+ Bd7 8. Qe2 Bd6 9. d4 0-0 10. dxe5 Bxe5 11. 0-0 Bxc3 12. bxc3 h6 13. Nf3 Bxb5 14. Qxb5 Qxd5 15. Qa4 b6 16. Bf4 c5 17. Be5 Qc4 18. Qxc4 Nxc4 19. Bxf6 gxf6 20. Rfd1 Rfd8 21. h4 Ne5 22. Nh2 Kf8 1/2-1/2

[Event "Muensterland Verbandsliga 1415"]
[Site "Germany"]
[Date "2015.04.18"]
[Round "8.4"]
[White "Diehlmann, Christian"]
[Black "Ruhe, Johannes"]
[Result "1-0"]
[WhiteElo "1839"]
[BlackElo "1975"]
[PlyCount "77"]
[EventDate "2014.09.06"]
[EventType "team-tourn"]
[EventRounds "9"]
[EventCountry "GER"]
[SourceTitle "EXT 2016"]
[Source "ChessBase"]
[SourceDate "2015.10.08"]
[SourceVersion "1"]
[SourceVersionDate "2015.10.08"]
[SourceQuality "1"]
[WhiteTeam "Ahaus Wessum"]
[BlackTeam "Beelen"]
[WhiteTeamCountry "GER"]
[BlackTeamCountry "GER"]

1. d4 d5 2. c4 e6 3. Nc3 Nf6 4. Nf3 Be7 5. e3 0-0 6. Bd3 dxc4 7. Bxc4 c6 8. 0-0 Nbd7 9. b3 Qa5 10. Bb2 Ba3 11. Bxa3 Qxa3 12. e4 Qa5 13. Qc2 e5 14. d5 cxd5 15. Nxd5 Nxd5 16. Bxd5 Kh8 17. Ng5 h6 18. Nxf7+ Kh7 19. Rad1 Nf6 20. Nxe5 Nxd5 21. Rxd5 Qb6 22. Rfd1 Qf6 23. Nc4 Kh8 24. Nd6 Be6 25. R5d2 Bg4 26. f3 Bh5 27. Rd5 Bg6 28. Qc7 Qf4 29. Qc3 Rg8 30. Nf5 Rae8 31. g3 Qb8 32. Nxh6 Rgf8 33. Rd6 Rd8 34. Rd7 Rxd7 35. Rxd7 Rf6 36. Qd4 Qf8 37. Nf5 Be8 38. Rxg7 Bg6 39. Rxg6 1-0

[Event "Muensterland Verbandsliga 1415"]
[Site "Germany"]
[Date "2015.01.31"]
[Round "6.5"]
[White "Ruhe, Johannes"]
[Black "Kuhlenbaeumer, Alfred"]
[Result "0-1"]
[WhiteElo "1975"]
[BlackElo "1821"]
[PlyCount "124"]
[EventDate "2014.09.06"]
[EventType "team-tourn"]
[EventRounds "9"]
[EventCountry "GER"]
[SourceTitle "EXT 2016"]
[Source "ChessBase"]
[SourceDate "2015.10.08"]
[SourceVersion "1"]
[SourceVersionDate "2015.10.08"]
[SourceQuality "1"]
[WhiteTeam "Beelen"]
[BlackTeam "Telgte"]
[WhiteTeamCountry "GER"]
[BlackTeamCountry "GER"]

1. e4 e5 2. Nf3 Nf6 3. Nxe5 d6 4. Nf3 Nxe4 5. d3 Nf6 6. Be2 Be7 7. 0-0 Nc6 8. d4 d5 9. Nc3 0-0 10. Bf4 a6 11. Re1 Bf5 12. a3 Ne4 13. Bd3 Nxc3 14. bxc3 Bg4 15. a4 Bf6 16. Rb1 b6 17. Qe2 a5 18. h3 Bxf3 19. Qxf3 Ne7 20. Qg3 Ra7 21. Be5 Ng6 22. Qg4 Ra8 23. f4 Re8 24. Bb5 Rf8 25. f5 Bxe5 26. dxe5 Ne7 27. f6 Ng6 28. Bc6 Rb8 29. h4 gxf6 30. h5 Qe7 31. hxg6 Qc5+ 32. Kh1 Qxc6 33. gxh7+ Kh8 34. Re3 f5 35. Qxf5 Rbe8 36. Rf1 Re6 37. Rh3 Rg6 38. Rff3 Qe8 39. Rfg3 Qe6 40. Qxe6 Rxe6 41. Rh5 c6 42. Kg1 Rg6 43. Kf2 Kg7 44. Rf3 Rh8 45. Rhf5 Rxh7 46. Rxf7+ Kh8 47. Rf8+ Rg8 48. e6 Re7 49. Rh3+ Kg7 50. Rf4 Rxe6 51. Rhf3 Rge8 52. Rf7+ Kg6 53. Rc7 Re2+ 54. Kg3 R8e6 55. Rf2 Rxf2 56. Kxf2 Kf5 57. Kf3 Ke5 58. g4 Kd6 59. Rf7 Re4 60. g5 Re7 61. Rf4 b5 62. Kg4 Re4 0-1

[Event "Muensterland Verbandsliga 1314"]
[Site "Germany"]
[Date "2014.03.15"]
[Round "7.7"]
[White "Ruhe, Johannes"]
[Black "Broemmel, Rudolf"]
[Result "1/2-1/2"]
[WhiteElo "1966"]
[BlackElo "1883"]
[PlyCount "69"]
[EventDate "2013.09.07"]
[EventType "team-tourn"]
[EventRounds "9"]
[EventCountry "GER"]
[SourceTitle "EXT 2015"]
[Source "ChessBase"]
[SourceDate "2014.11.20"]
[SourceVersion "1"]
[SourceVersionDate "2014.11.20"]
[SourceQuality "1"]
[WhiteTeam "Beelen"]
[BlackTeam "Raesfeld Erle"]
[WhiteTeamCountry "GER"]
[BlackTeamCountry "GER"]

1. e4 d5 2. exd5 Qxd5 3. Nc3 Qd6 4. Nf3 Nf6 5. Be2 a6 6. 0-0 b5 7. Ng5 Bb7 8. Bf3 Bxf3 9. Qxf3 Qc6 10. d4 Qxf3 11. Nxf3 e6 12. Bf4 Bd6 13. Ne5 Nbd7 14. Rfe1 Nb6 15. Bg5 h6 16. Bh4 Bb4 17. Re3 Nfd5 18. Nxd5 Nxd5 19. Re2 Nf4 20. Re4 g5 21. c3 Bd6 22. Bg3 Nh5 23. Nd3 Kd7 24. Be5 f6 25. Bxd6 cxd6 26. Rae1 Rhe8 27. g4 Ng7 28. Kg2 f5 29. gxf5 Nxf5 30. f4 g4 31. Nf2 h5 32. R4e2 Re7 33. Ne4 Rf8 34. Ng5 Rf6 35. Ne4 1/2-1/2